00780nam0a22002171 4500001001000000005001700010035002600027100004100053101000800094102000700102105001800109200013200127210006400259215002800323320003500351320003900386700007700425801001800502801002200520852002000542rc\61095020250621182821.0 a(NLR Aleph) 005854608 a20031121d1986 |||y0rusy50 ca0 arus aRU aa |||||||||1 aЭкология и охрана природыe[Учеб. пособие для вузов по спец. "Биология"] aВоронежcИзд-во Воронеж. ун-таd1986 a279, [1] с.cил.d21 aБиблиогр.: с. 273-274 aПредм. указ.: с. 275-278 1aСкуфьинbК.В.f1908-gКонстантин Васильевич 0aRUbNLRgpsbo 1aRUbELAR2rusmarc aNLRj86-3/11973